ख़्वाबरौ, नादीद (Record no. 3001)

MARC details
000 -LEADER
fixed length control field 01544 a2200289 4500
005 - DATE AND TIME OF LATEST TRANSACTION
control field 20080927114349.0
008 - FIXED-LENGTH DATA ELEMENTS--GENERAL INFORMATION
fixed length control field 080911t xxu||||| |||| 00| 0 hin d
010 ## - LCCN (DPL NO)
LC control number HIN-79574
020 ## - INTERNATIONAL STANDARD BOOK NUMBER
International Standard Book Number 8189850431
Terms of availability 400.00
035 ## - SYSTEM CONTROL NUMBER
System control number HN-51920
037 ## - SOURCE OF ACQUISITION
Source of stock number/acquisition D.B.Act / pub
082 ## - DEWEY DECIMAL CLASSIFICATION NUMBER
Classification number
100 ## - MAIN ENTRY--PERSONAL NAME
Personal name पाल जोगिन्दर
245 ## - TITLE STATEMENT
Title ख़्वाबरौ, नादीद
Statement of responsibility, etc जोगिन्दर पाल, अनुवादक कृष्णा पाल
246 ## - VARYING FORM OF TITLE
Title proper/short title Khwaabrow,Nadeed
Remainder of title by Joginder Paul
260 ## - PUBLICATION, DISTRIBUTION, ETC. (IMPRINT)
Place of publication, distribution, etc नई दिल्ली
Name of publisher, distributor, etc रेमाधव पब्लिकेशन्स
Date of publication, distribution, etc 2006
270 ## - ADDRESS
Address पोस्ट बाक्स न.3684,लाजपत नगर-11
City नई दिल्ली
Postal code 110024
300 ## - PHYSICAL DESCRIPTION
Extent नौ,185पृ
Dimensions 23 सेमी (सजिल्द)
500 ## - GENERAL NOTE
General note (जोगिन्दर पाल के दो उपन्यास)
500 ## - GENERAL NOTE
General note (Joginder Paul ke two Novel)
650 ## - SUBJECT ADDED ENTRY--TOPICAL TERM
Topical term or geographic name as entry element हिन्दी उपन्यास
650 ## - SUBJECT ADDED ENTRY--TOPICAL TERM
Topical term or geographic name as entry element Hindi Novel
700 ## - ADDED ENTRY--PERSONAL NAME
Personal name पाल, कृष्णा
942 ## - ADDED ENTRY ELEMENTS (KOHA)
Institution code [OBSOLETE] dpl
Item type Hindi Books
Call number prefix उ / जोगिन्द
Source of classification or shelving scheme Dewey Decimal Classification
Classification part
Call number suffix जोगिन्द
Holdings
Withdrawn status Lost status Damaged status Not for loan Home library Current library Date acquired Cost, normal purchase price Total Checkouts Full call number Barcode Date last seen Copy number Cost, replacement price Koha item type Source of classification or shelving scheme Collection code Source of acquisition
        D.B.Act.Division D.B.Act.Division 11/09/2008 400.00   उ जोगिन्द HN-51920 15/09/2008 1 400.00 Hindi Books      
        Patel Nagar Patel Nagar 11/11/2018 400.00   उ जोगिन्द B-247043 11/11/2018   400.00 Hindi Books Dewey Decimal Classification Fiction BPPD/Pub
        Sarojini Nagar Sarojini Nagar 06/08/2018   1 उ जोगिन्द B-247044 07/01/2019     Hindi Books Dewey Decimal Classification Fiction  
        Vinoba Puri Vinoba Puri 27/09/2008 400.00 4 उ जोगिन्द B-281548 21/03/2015 1 400.00 Hindi Books Dewey Decimal Classification Fiction BPPD /

© Delhi Public Library
Hit Counter
free hit counter